000 00360nam a2200145Ia 4500
100 _aTaub H/ Schilling/D.
650 _aElectrical Engineering
942 _cBK
654 _aDigital And Intigrated Electronics
245 _aDigital integrated electronics
260 _bMc Graw Hill
_aAuckland
_c1985
082 _a621.3
300 _a650
546 _aENGLISH
999 _c20752
_d20752